| 000 | 00871nam a2200253 i 4500 | ||
|---|---|---|---|
| 001 | 12620 | ||
| 003 | ES-MaACL | ||
| 005 | 20251003152032.0 | ||
| 007 | t| | ||
| 008 | 930201s1990 sp ||||0| spa d | ||
| 020 | _a84-7232-510-5 | ||
| 080 | _a970(093) | ||
| 245 | 0 | 0 |
_aCedulario de Encinas / _cestudio e índices de Alfonso García-Gallo. |
| 260 |
_aMadrid : _bCultura Hispánica : _bAgencia Española de Cooperación Internacional, _c[1990] |
||
| 300 |
_a457 p. ; _c34 cm. |
||
| 490 | 1 | _aHistoria de la civilización | |
| 651 |
_aAmérica Latina- _xHistoria- _vFuentes. _97748 |
||
| 700 | 1 |
_aGarcía-Gallo, Alfonso, _d1911-1992 _954644 |
|
| 700 | 1 |
_aEncinas, Diego de. _947180 |
|
| 710 | 2 |
_aAgencia Española de Cooperación Internacional. _91266 |
|
| 830 | 1 |
_aHistoria de la civilización _9187819 |
|
| 852 |
_aES-MaACL _jL-19947 |
||
| 999 |
_c12620 _d12620 |
||